Statistiques concernant alcool par image

Cliquez ici pour prendre le quiz!

Statistiques générales

  • Ce quiz a été pris 3 166 fois
  • Le résultat moyen est 10 sur 12

Statistiques - réponses

Réponse% Correct
champagne
99%
vodka
99%
bière
98%
vin
98%
mojito
96%
malibu
95%
whisky
95%
aperol
87%
rosé
74%
pina collada
70%
cidre
36%
limoncello
10%

Distribution des résultats

Percentile par nombre de réponses

% des personnes avec chaque résultat

Votre développement - résultats

Vous n’avez pas pris ce quiz